000 00750cam6a220022900 4500
001 tmp15312310
003 UPRA
005 20190830111219.0
008 950728s1965 enk eng u
035 _a(Sirsi) r113089
035 _a(UPRA)tmp15312310
040 _cUPRA
110 2 _bCommittee on State Succession and Other Government Obligations.
_6A74847.1
245 1 4 _aThe effect of independence on treaties :
_ba handbook.
260 _aLondon :
_bStevens,
_c1965.
504 _aIncludes bibliographies.
650 0 _aState succession.
_6S33017.1
650 0 _aTreaties.
_6S1127.1
949 _aKJ477
_wlcc
_i33729001742290
_mMAIN
_p2500
_tBOOK
_lON-SHELF
949 _aKJ477
_wlcc
_i33729001742357
_mMAIN
_p2500
_tBOOK
_lON-SHELF
004 113089
999 _c189140
_d189140